| 000 | 00763nam a2200253 i 4500 | ||
|---|---|---|---|
| 001 | 000008137 | ||
| 003 | DO-SdBNP | ||
| 005 | 20240529125336.0 | ||
| 007 | ta | ||
| 008 | 090915s2000 dr 001 0 spa d | ||
| 040 |
_aDO-SdBNP _bspa _cBNPHU _erda |
||
| 049 | _aBNPD | ||
| 082 | 4 |
_bD841r _222 |
|
| 100 | 1 |
_aDucoudray, Juan _922084 _eautor |
|
| 245 | 1 | 0 |
_aRéquiem por la utopía y otras saudades / _cJuan Ducoudray ; edición, Graciela Azcárate. |
| 264 |
_aSanto Domingo : _bNomara, _c2000. |
||
| 300 |
_a158 páginas ; _c19 cm. |
||
| 336 |
_2rdacontent _atexto _btxt |
||
| 337 |
_2rdamedia _asin mediación _bn |
||
| 338 |
_2rdacarrier _avolumen _bnc |
||
| 590 | _aInventariado, 2024/BT | ||
| 700 | 1 |
_aAzcárate, Graciela, _eedición _922085 |
|
| 942 |
_2ddc _cLBS1 |
||
| 999 |
_c7914 _d7914 |
||